000 00426nam a22001217a 4500
082 _a330.9549105
100 _aState Bank of Pakistan
245 _aThe State of Pakistan's economy
_csecond quarterly report for the year 2010-2011 of the central board of State Bank of Pakistan
260 _aKarachi
_bState Bank of Pakistan
_c2011
300 _a61p
942 _2ddc
_cBK
999 _c587800
_d587800